Народные художественные промыслы (Запис номер 136892)
[ съкратено ]
| 000 -Лидер | |
|---|---|
| Контролно поле с фиксирана дължина | 01826nam a2200421 c 4500 |
| 003 - Код на организацията, давaща контролен номер | |
| Контролно поле | BLK |
| 005 - Дата и час на последна редакция | |
| Контролно поле | 20180420232849.0 |
| 008 - Елементи от данни с фиксирана дължина | |
| fixed length control field | 180409b bul|||||r ||||||| ||bul|| |
| 010 ## - Наследен системен номер | |
| LC control number | KNG00142850000 |
| 040 ## - Източник на каталожния запис | |
| Идентификатор на билиотеката - собственик на записа | BLK |
| 041 ## - Код за език | |
| Код за езика на текст/звукозапис или на отделно заглавие | Руски |
| Код за езика КДБФ | Руски |
| 080 ## - УДК | |
| Текстов определител УДК | Приложно изкуство. Художествени занаяти. Интериор. Дизайн. Играчки. Худож. пространствено оформление |
| УДК код - определител по УДК | 745/749 |
| УДК определител | (47+57) |
| УДК - код + определител | 745/749(47+57) |
| 100 1# - Редна дума - Автор | |
| Автор | Попова, Ольга Сергеевна |
| Авторска отговорност | първи автор |
| R(LIN) | 325592 |
| 139 ## - Редно поле | |
| Редна дума | Народные художественные промыслы |
| Авторски знак | Наро - Н 25 |
| 245 10 - Сведения за заглавието | |
| Заглавие | Народные художественные промыслы |
| Редно поле (дума) | Ольга Сергеевна Попова. |
| 257 ## - Страна на издаване | |
| Страна на създаване/издаване | СССР |
| 260 ## - Област на издателските данни | |
| -- | Москва |
| Име на издателя, разпространителя и проч. | Легкая и пищ. пром-сть |
| Година на издаване | 1984 |
| Печатница | Москва : типогр. № 5 Союзполиграфпрома |
| 300 ## - Физическа характеристика | |
| Страници | 192 с. |
| Илюстрации и др. | с ил. |
| Размери/Мащаб | 23 см |
| 380 ## - Жанр | |
| Жанр | Изкуство |
| 500 ## - Общи забележки | |
| Забележка | Библиогр. с. 191. - 40 000 тир. |
| 650 #4 - Допълнително описание по предмет – тема | |
| Основно описание – тема или топоним | Приложно и декоративно изкуство, руско |
| 9 (RLIN) | 314070 |
| 650 #4 - Допълнително описание по предмет – тема | |
| Основно описание – тема или топоним | Приложно и декоративно изкуство - СССР |
| 9 (RLIN) | 325593 |
| 651 #4 - Допълнително описание по предмет - топоним | |
| Географско понятие | СССР |
| 9 (RLIN) | 179592 |
| 653 ## - Ключова дума – ненормативна | |
| Ключова дума | приложни изкуства |
| 653 ## - Ключова дума – ненормативна | |
| Ключова дума | руско изкуство |
| 653 ## - Ключова дума – ненормативна | |
| Ключова дума | керамика |
| 653 ## - Ключова дума – ненормативна | |
| Ключова дума | резбарство |
| 653 ## - Ключова дума – ненормативна | |
| Ключова дума | бродерия |
| 653 ## - Ключова дума – ненормативна | |
| Ключова дума | дантели |
| 653 ## - Ключова дума – ненормативна | |
| Ключова дума | тъкачество |
| 653 ## - Ключова дума – ненормативна | |
| Ключова дума | килими |
| 653 ## - Ключова дума – ненормативна | |
| Ключова дума | художествени изделия |
| 852 ## - Местоположение | |
| Форматна сигнатура | Цб 134252 |
| 856 4# - Електронен адрес и достъп | |
| Електронен формат | pdf - файл |
| Път до файла /url/ | |
| 856 4# - Електронен адрес и достъп | |
| Електронен формат | pdf - файл |
| Път до файла /url/ | |
| 942 ## - АРТИКУЛИ | |
| Вид на библиотечния материал | Книги |
| Скрит в OPAC | Не |
| 944 ## - СЪЗДАВАНЕ И РЕДАКЦИЯ на ЗАПИСА | |
| Създаване/Редакция | Създаване |
| Дата на регистрацията/редакция | 18.05.2013 |
| Статус, дата на статуса | ф / 18.05.2013 |
| Служител, извършил регистрацията/редакцията | Камелия_Данева |
| 944 ## - СЪЗДАВАНЕ И РЕДАКЦИЯ на ЗАПИСА | |
| Създаване/Редакция | Редакция |
| Дата на регистрацията/редакция | 20.10.2017 |
| Статус, дата на статуса | ф / 18.05.2013 |
| Служител, извършил регистрацията/редакцията | Людмила_Стоянова |
| 999 ## - СИСТЕМНИ КОНТРОЛНИ НОМЕРА | |
| Koha biblionumber | 136892 |
| Koha biblioitemnumber | 136892 |
| Код за отписване | Код за изгубен артикул | Източник на класификационната схема | Код за повреда | Коз за рестрикции | Код за отдаване | Артикулен № | Име на библиотеката - собственик | Име на библиотеката, в която се намира в момента | Статус (Текущо местоположение) | Дата на вписване в системата | Местоположение - отдел | Цена в лева | Инвентарен номер | Систематично азбучна сигнатура | Баркод | Номер на екземпляра | Цена в евро | Служебна бележка | Служебен тип на артикула |
|---|---|---|---|---|---|---|---|---|---|---|---|---|---|---|---|---|---|---|---|
| Изтеглен | Не е изгубен | Universal Decimal Classification | Не е повреден | без рестрикции | заемане за дома | 223908 | Регионална библиотека "Любен Каравелов" Русе | Регионална библиотека "Любен Каравелов" Русе | Отдел Изкуство - подръчен фонд | 1984-01-01 | Отдел Изкуство - подръчен фонд | 1.84 | 426412 | 745/749/Н 25 | 426412 | 1 | 0.94 | Дост: Pk Вид: Ф N: стар фонд Дата: 01.01.1984 Дата инв: 12.02.2015 Бележки инв: МП2015 | Книги |
| Не е изгубен | Universal Decimal Classification | Не е повреден | без рестрикции | заемане за дома | 223909 | Регионална библиотека "Любен Каравелов" Русе | Регионална библиотека "Любен Каравелов" Русе | Отдел Изкуство - подръчен фонд | 2016-03-18 | Отдел Изкуство - подръчен фонд | 6.00 | 120000799004 | 745/749/Н 25 | 120000799004 | 2 | 3.07 | Дост: DA Вид: А N: 10 Дата: 18.03.2016 | Книги |